000 00354nam a22001457a 4500
008 211011b ||||| |||| 00| 0 eng d
020 _a9780471768616
041 _aeng
080 _a616
082 _a616
100 _a9
101 _aPAT
245 _aPsychopathology History, Diagnosis, and Empirical Foundations
_cCraighead,W.E
942 _2udc
_cBK
999 _c58147
_d58147